The Magic of M.C ESCHIER (Record no. 66710)

MARC details
000 -LEADER
fixed length control field 00440nam a22001817a 4500
005 - DATE AND TIME OF LATEST TRANSACTION
control field 20250904123729.0
008 - FIXED-LENGTH DATA ELEMENTS--GENERAL INFORMATION
fixed length control field 250904b |||||||| |||| 00| 0 eng d
020 ## - INTERNATIONAL STANDARD BOOK NUMBER
International Standard Book Number 9780500290736
040 ## - CATALOGING SOURCE
Transcribing agency PK-LaNCA
082 ## - DEWEY DECIMAL CLASSIFICATION NUMBER
Classification number 769
Item number ESC
100 ## - MAIN ENTRY--PERSONAL NAME
Author Name ESCHIER M.C
245 ## - TITLE STATEMENT
Title The Magic of M.C ESCHIER
Statement of responsibility, etc. ESCHIER M.C
260 ## - PUBLICATION, DISTRIBUTION, ETC.
Place of publication, distribution, etc. united kingdom
Name of publisher, distributor, etc. Thames&Hudson
Date of publication, distribution, etc. 2006
300 ## - PHYSICAL DESCRIPTION
Pages 196
546 ## - LANGUAGE NOTE
Language note English
650 ## - SUBJECT ADDED ENTRY--TOPICAL TERM
Subject Rrint
942 ## - ADDED ENTRY ELEMENTS (KOHA)
Koha item type Book
999 ## -
-- 66710
-- 66710
Holdings
Withdrawn status Weedout from Library Permanent Location Current Location Date acquired Full call number Barcode Price effective from Koha item type
    NATIONAL COLLEGE OF ARTS, RAWALPINDI CAMPUS - LIBRARY NATIONAL COLLEGE OF ARTS, RAWALPINDI CAMPUS - LIBRARY 01/09/2025 769 ESC 11283 RP011283 04/09/2025 Book